000 00703nam a2200217 a 4500
005 20240912063809.0
008 991125s1980 es 000 0 spa u
020 _a8485252527
035 _aUPN01000021008
049 _aCG
050 4 _aLB1733
_bF5 no.8
100 1 _aTorre Alcalá, Antonio de la
_929617
245 1 0 _aEsquema corporal :
_bpuzzles y fichas para recuperación /
_cAntonio de la Torre Alcalá.
260 _aMadrid :
_bGráficas Torioba,
_c1980.
300 _a[24] láms. :
_bil. col.
440 0 _aFichas de preescolar especial ;
_v8
500 _a"Material útil de 3 a 1 años"
650 2 _aCuerpo humano
_99138
650 4 _aExpresión corporal del niño
_98777
905 _aLibro
999 _c21008
_d21008